| 000 | 01390nam a2200253 i 4500 | ||
|---|---|---|---|
| 001 | 187372 | ||
| 003 | ES-MaACL | ||
| 005 | 20260304122202.0 | ||
| 008 | 170628s1908 sp |||| | spa d | ||
| 080 | _a821.134.2-32"18" | ||
| 100 | 1 |
_aValera, Juan, _d1824-1905 _9112638 |
|
| 245 | 1 | 0 |
_aCuentos ; _bCuentos y chascarrillos [andaluces] / _cJuan Valera. |
| 246 | 3 | _aCuentos y chascarrillos andaluces | |
| 260 |
_aMadrid : _b[s.n.], _c1908 ( _fImp. Alemana) |
||
| 300 |
_a355 p. ; _c17 cm. |
||
| 490 | 1 |
_aObras completas ; _v15 |
|
| 505 | 8 | _aContiene: El caballero del azor ; El doble sacrificio ; Los cordobeses en Creta ; El duende-beso ; El último pecado ; El San Vicente Ferrer, de talla ; El cautivo de Doña Mencía ; El maestro Raimundico ; Garuda o la cigüeña blanca . Cuentos y chascarrillos andaluces: Las gafas ; Elocuencia vizcaína ; Los santos de Francia ; Fecundidad de la memoria ; Conversión de un heterodoxo ; Manifestaciones de duelo del Rey de Portugal ; La Reina Madre ; El señor Nichtverstehen ; El famoso cantor Madueira ; El portugués filólogo ; El portugués que llegó a Cádiz... | |
| 530 | _aDisponible en formato digital. | ||
| 830 | 1 |
_aObras completas ; _v15 _9176447 |
|
| 852 |
_aES-MaACL _jB-2860 _cSPB |
||
| 856 | 4 |
_uhttp://bdh-rd.bne.es/viewer.vm?id=0000201148&page=1 _yBiblioteca Digital Hispánica |
|
| 942 | _2udc | ||
| 999 |
_c187372 _d187372 |
||